00557 2200205 4500001002100000005001700021006001900038008004100057020002200098035002500120090001500145100001400160245005400174260003800228990001700266990001700283990001700300990001700317990001700334INLIS00000000000836820140307105126.0a ||| | 180719| ||| |  a978-979-29-2785-6 a0010-081300000000005 a006.68 - k0 aHernita P00aKreatif membuat desain WEB dengan Adobe Photoshop aYogyakartabC.V ANDI OFFSETc2011 a8533/PN/2013 a8893/PN/2013 a8533/PN/2013 a8533/PN/2013 a8893/PN/2013